Introducción a los estudios literarios
Đã lưu trong:
| Tác giả chính: | |
|---|---|
| Định dạng: | Sách |
| Ngôn ngữ: | Undetermined |
| Được phát hành: |
Madrid, España
Ediciones Anaya
1968
|
| Những chủ đề: | |
| Các nhãn: |
Thêm thẻ
Không có thẻ, Là người đầu tiên thẻ bản ghi này!
|
MARC
| LEADER | 00000nam a2200000Ia 4500 | ||
|---|---|---|---|
| 008 | 170316s9999 xx 000 0 und d | ||
| 090 | |a 801 L-5i | ||
| 100 | |a Lapesa Melgar, Rafael | ||
| 245 | |a Introducción a los estudios literarios | ||
| 260 | |a Madrid, España | ||
| 260 | |b Ediciones Anaya | ||
| 260 | |c 1968 | ||
| 300 | |a 207 páginas | ||
| 650 | |a TEORÍA LITERARIA | ||
| 650 | |a ARTE | ||
| 650 | |a LITERATURA | ||
| 650 | |a LENGUAJE LITERARIO | ||
| 650 | |a LENGUAJE FIGURADO | ||
| 650 | |a IMAGENES | ||
| 650 | |a EPITETOS | ||
| 650 | |a LENGUAJE POÉTICO | ||
| 650 | |a ESTILÍSTICA | ||
| 650 | |a RITMO - LENGUAJE | ||
| 650 | |a PROSA - VERSO | ||
| 650 | |a VERBO REGULAR ESPAÑOL | ||
| 650 | |a RIMA | ||
| 650 | |a ESTROFA | ||
| 650 | |a VERSO | ||
| 650 | |a RIMA ASONANTE | ||
| 650 | |a ESTRIBILLOS - GLOSAS | ||
| 650 | |a GÉNEROS LITERARIOS | ||
| 650 | |a POESÍA | ||
| 650 | |a POESÍA ÉPICA | ||
| 650 | |a EPOPEYA | ||
| 650 | |a POEMAS ÉPICOS CULTOS | ||
| 650 | |a POESÍA ÉPICO-DIDÁCTICA | ||
| 650 | |a POESÍA LÍRICA | ||
| 650 | |a POESÍA DRAMÁTICA | ||
| 650 | |a NOVELA | ||
| 650 | |a DIDÁCTICA - CRÍTICA | ||
| 650 | |a HISTORIA | ||
| 650 | |a PERIODISMO | ||
| 650 | |a ORATORIA | ||
| 999 | |c 20437 |d 20437 | ||
| 040 | |a cru BVZT | ||
| 942 | |c 15 D |h 801 L-5i |2 z | ||
